00950nam a2200265 a 450000100060000000300090000600500170001500600150003200800410004701600300008801700530011802000150017103500200018604000280020604100130023408000140024708200180026113000390027924502230031826000250054130000170056650400460058365000250062970000300065425968CO-ViMGA20230915232141.0bimo0001765603141112s2004 ck r 000 u spa d abimoBNE20020227955 SpMaBN aB 3237 - 2002 Oficina Depósito Legal Barcelona a8423418634 a(OCoLC)51656904 aCO-ViMGAbspacCO-ViMGA aspabeng a658.012.404a658.4092 B25f aThe future of leadership Español10aEl futuro del liderazgo : blos pensadores más brillantes de hoy escriben para los directores de mañana / cWarren Bennis, Gretchen M. Spreitzer, Thomas G. Cummings, editores ; traducción, Rafael Jiménez Larrea aBilbao Deusto [2002] a328 p. 24 cm aBibliografía : p. [301] - 307. Índice14aLiderazgo - Manuales1 aBennis, Warren G. 1925 -